Sanat - "Mun ihminen" - Ellimei - Statistics

Yleistilastot
  • Tätä visaa on pelattu 50 kertaa
  • Keskiarvotulos 109 / 168
Vastaustilastot
Vastaus % Oikein
100%
mun
97%
ei
94%
ihminen
94%
oot
94%
se
90%
ku
87%
juttujani
84%
Muut
84%
ymmärrä
84%
lukee
81%
81%
me
81%
mua
81%
niin
81%
osaat
81%
sama
81%
sen
81%
En
77%
ilmeitä
77%
kuin
77%
tää
77%
kaikkii
74%
meit
74%
meitä
74%
et
71%
ilman
71%
maailma
71%
tajua
71%
tiiäthän
71%
olis
68%
enää
65%
lailla
65%
on
61%
samal
61%
sun
55%
tollasii
52%
niinku
48%
tienny
48%
jos
45%
mikä
45%
virheitä
45%
kaa
42%
mut
42%
olla
42%
oon
42%
Oon
42%
päästä
42%
tarvi
42%
tuuri
42%
varpaisiin
42%
ylivertasii
42%
että
39%
kahdeksan
39%
miljardii
39%
täällä
39%
vaan
39%
aina
35%
haluun
35%
heti
35%
hitto
35%
kii
35%
ollu
35%
selkeesti
35%
todennäköisyys
35%
törmättiin
35%
voitettiin
35%
jotkut
32%
kohtaloon
32%
oisit
32%
päätin
32%
pelkää
32%
pitää
32%
säpäleinä
32%
siin
32%
susta
32%
uskoo
32%
vaikka
32%
edessä
29%
huono
29%
mullaksi
29%
oikeaan
29%
päätöksii
29%
siihen
29%
tarkotettu
29%
tekee
29%
vääriin
29%
voin
29%
jollekki
26%
kunnes
26%
tai
26%
tunnet
23%
muutun
16%
Ehtoja vastaavia visoja ei löytynyt
Tulosjakauma
Jokaisen tuloksen saaneiden osuus
Persentiili vastausten määrän mukaan
Tuloshistoriasi
Et ole pelannut tätä visaa